| 000 | 00933nam a22002057a 4500 | ||
|---|---|---|---|
| 999 |
_c9255 _d9255 |
||
| 003 | AR-CdUCM | ||
| 008 | 190327b ||||| |||| 00| 0 spa d | ||
| 040 |
_aMUNICIPALIDAD PROVINCIAL DEL CUSCO _cBIBLIOTECA MUNICIPAL DEL CUSCO |
||
| 082 |
_a036 / _bM12 |
||
| 100 |
_aMcWhirter, Norris _925339 |
||
| 245 | _aEnciclopedia guinnes de superlativos mundiales / | ||
| 260 |
_aNew Yorh : _bEditors press service, _c1967. |
||
| 300 |
_a501 páginas ; _bilustraciones ; _c18 cm. |
||
| 505 | _aContenido : El cuerpo humano -- Reinos animal y vegetal -- El mundo de la naturaleza -- El universo y el espacio -- El mundo cientifico -- El mundo humano - Arte y espectaculos -- El mundo de los negocios -- Estructuras mundiales -- El mundo mecanico -- Proezas humanas -- Deportes, juegos y pasatiempos. | ||
| 650 |
_aEnciclopedia _918075 |
||
| 650 |
_aGuinnes _925340 |
||
| 700 |
_aMcWhirter, Ross _925341 |
||
| 942 |
_2ddc _cLIBROS |
||
| 945 | _azta | ||